000 00686nam a2200265 a 4500
001 nice12345678
003 IN_TiNIC
005 20260116012307.0
008 050524s1990 dela grp 000 0 eng
020 _a8121019
_c250
082 0 0 _a954.025
_bNAT
100 _aNath, Renuka
245 _aNotable Mughal and Hindu Women in the 16th Centuries A.D
260 _aDelhi
_bInter-India Publications
_c1990
300 _a264p
500 _aincludes index and biblioraphy
505 2 _aIndex
650 _aIndia-History
650 _aWomen-India
650 _aIndia-History Muslim Period
700 1 _aNath, Renuka
902 _bSRS
942 _cBK
999 _c6429
_d6429